00688nam a2200229 i 450000100060000000300090000600500170001500700030003200800410003501600190007602000180009504000260011308000140013924501130015326000360026630000220030265000310032470000250035570000230038070000220040385200330042518925ES-MaACL20230906151944.0t|020218s1996 sp ||||0| spa d7 z00000000052813 a84-921649-1-3 aVA-BCL bspa cVA-BCL a1(057.53)00aPasado y presente b: diálogos [con] Hans-Georg Gadamer ...[et al.] / cMauricio Jalón, Fernando Colina. aValladolid : bCuatro, c[1996] a209 p. ; c22 cm.14aFilósofos-vEntrevistas.1 aGadamer, Hans Georg.1 aJalón, Mauricio.1 aColina, Fernando. aES-MaACLjL-25388 bR.130214